Language Quiz

Random Language Quiz
Score 0/25 Timer 06:00
3 Plays Today
% Correct
lighthouse
99.3%
sandcastle
97.1%
boxcar
96.8%
pigpen
96.1%
turtleneck
95.7%
fingernail
95.2%
honeycomb
95.1%
armchair
91.4%
eggplant
90.9%
tapeworm
90.8%
horseradish
90.6%
corkscrew
90.5%
pinwheel
89.1%
% Correct
doorman
88.8%
crackpot
87.9%
limestone
85.7%
bagpipes
85.7%
doughnut
85%
hedgehog
78.6%
bedtime
77.6%
keyboard
73.9%
chopsticks
70.9%
jellybean
66.9%
hopscotch
60.7%
nightmare
43.9%
Remove Ads.
Support Sporcle.
Get the best of Sporcle when you Go Orange. This ad-free experience offers more features, more stats, and more fun while also helping to support Sporcle. Thank you for becoming a member.

You're not logged in!

Compare scores with friends on all Sporcle quizzes.
OR
Log In

Show Comments

Extras

Top Quizzes Today


Score Distribution

Your Account Isn't Verified!

In order to create a playlist on Sporcle, you need to verify the email address you used during registration. Go to your Sporcle Settings to finish the process.

Report this User

Report this user for behavior that violates our Community Guidelines.

Details: